000 00649nam a22002177a 4500
003 OSt
005 20260530113914.0
008 260507b2000 mx a|||| |||| 00| 0 spa d
020 _a9685374007
040 _aICI
_bspa
_cICI
041 _aspa
050 _aTS195
_bL67
100 1 _aLosada, Alfaro, Ana María,
_eautor
_933823
245 1 0 _aEnvase y embalaje :
_bhistoria, tecnología y ecología /
_cAna María Losada Alfaro
264 _aMéxico, D.F. :
_bDesignio,
_c2000
300 _a201 páginas :
_bilustraciones
490 0 _acolección teoría y práctica
650 4 _aEnvasado
_933824
650 4 _aEnvases
_933825
942 _2lcc
_cBK
_n1
999 _c12223
_d12223